Geburtstage im 20. Jahrhundert - Innerhalb von 10 Jahren - Statistiken

Allgemein
  • Dieses Quiz wurde 40 mal gespielt
  • Das Durchschnittsergebnis liegt bei 15 aus 20
Antwortstatistiken
Persönlichkeit Jahr % Korrekt
Thomas Müller 1989
92%
Paul McCartney 1942
89%
Otto Waalkes 1948
89%
Taylor Swift 1989
89%
Barack Obama 1961
84%
Udo Jürgens 1934
79%
Donald Trump 1946
79%
Friedrich Merz 1955
79%
Elisabeth II. 1926
76%
Cristiano Ronaldo 1985
76%
Günther Jauch 1956
74%
Papst Franziskus 1936
68%
Michael Jackson 1958
68%
Elon Musk 1971
68%
Emmanuel Macron 1977
66%
Anne Frank 1929
63%
Karl Lagerfeld 1933
61%
Martin Luther King Jr. 1929
53%
Astrid Lindgren 1907
50%
Willy Brandt 1913
45%
Keine übereinstimmenden Quizze gefunden
Verteilung der Resultate
Anzahl Personen mit jedem Resultat
Perzentil nach korrekt beantworteten Fragen
Ihre Resultats-Entwicklung
Sie haben dieses Quiz noch nicht gespielt